000 00663nam a2200253Ia 4500
003 OSt
005 20221005041800.0
006 a|||||r|||| 00| 0
007 ta
008 221004b |||||||| |||| 00| 0 urd d
020 _c3.00
024 _a30402
037 _cTextual
040 _aCRL
_cCRL
_burd
041 _2urd
_aurd
082 _aO168.3N10,2, H2
100 _aAshk Upender Nath Au.
245 0 _aSitaron ke khel
260 _aDelhi
_bSangam kitab ghar India
_c1942
300 _a230p.
_ccm.
650 _aURDU FICTION
_93298
942 _hO168.3N10,2, H2
_cTEXL
_2cc
999 _c949055
_d949055